[Event "Havana Province-ch sf"]
[Site "Havana"]
[Date "2018.10.18"]
[Round "4"]
[White "Arguelles Loy, Felix Orlando"]
[Black "Blanco Garcia, Liliam Barbara"]
[Result "1/2-1/2"]
[WhiteElo "2166"]
[BlackElo "2096"]
[PlyCount "86"]
[EventDate "2018.10.12"]
[EventType "swiss"]
[EventRounds "5"]
[EventCountry "CUB"]
[SourceTitle "EXT 2021"]
[Source "ChessBase"]
[SourceDate "2020.10.23"]
[SourceVersion "1"]
[SourceVersionDate "2020.10.23"]
[SourceQuality "1"]

1. c4 c5 2. Nf3 Nf6 3. Nc3 d5 4. cxd5 Nxd5 5. d4 Nxc3 6. bxc3 cxd4 7. cxd4 e5 8. e3 exd4 9. Qxd4 Qxd4 10. Nxd4 Bc5 11. Bb5+ Bd7 12. Bxd7+ Nxd7 13. Bb2 Bb4+ 14. Ke2 0-0 15. Nf5 f6 16. Rhd1 Ne5 17. a3 Ba5 18. Nd6 b5 19. Bxe5 fxe5 20. Rac1 Rf6 21. Rc5 a6 22. Rxe5 Raf8 23. Ne4 Rc6 24. Rc5 Re6 25. f3 Rh6 26. Rd6 Rxh2 27. Kf2 Rh1 28. Rxa6 Be1+ 29. Ke2 Bh4 30. g3 Rh2+ 31. Kd3 Be7 32. Rc7 Rd8+ 33. Kc3 Bf8 34. Nc5 Re2 35. e4 Red2 36. Kb3 Rd1 37. Ne6 R8d3+ 38. Rc3 R3d2 39. Rc8 Rd3+ 40. Kb2 R1d2+ 41. Kc1 Rd1+ 42. Kc2 R1d2+ 43. Kc1 Rd1+ 1/2-1/2

[Event "Havana Province-ch sf"]
[Site "Havana"]
[Date "2018.10.14"]
[Round "2"]
[White "Arguelles Loy, Felix Orlando"]
[Black "Fernandez Rivero, Karla July"]
[Result "1-0"]
[WhiteElo "2166"]
[BlackElo "2045"]
[PlyCount "106"]
[EventDate "2018.10.12"]
[EventType "swiss"]
[EventRounds "5"]
[EventCountry "CUB"]
[SourceTitle "EXT 2021"]
[Source "ChessBase"]
[SourceDate "2020.10.23"]
[SourceVersion "1"]
[SourceVersionDate "2020.10.23"]
[SourceQuality "1"]

1. c4 e5 2. Nc3 Nf6 3. Nf3 Nc6 4. e3 Be7 5. d4 exd4 6. exd4 d5 7. c5 Bg4 8. Bb5 0-0 9. Bxc6 bxc6 10. 0-0 Qc8 11. h3 Bh5 12. Re1 Re8 13. Qd3 Bg6 14. Qd1 Bh5 15. Re5 Bxf3 16. Qxf3 Nd7 17. Re1 Bf6 18. Rxe8+ Qxe8 19. Qd1 Rb8 20. a3 a5 21. Kf1 Qe6 22. Qd3 g6 23. Rb1 Qf5 24. Qxf5 gxf5 25. Ne2 Nf8 26. Bd2 Ne6 27. Bc3 a4 28. Rd1 f4 29. Rd3 Kf8 30. Ke1 Ke7 31. Rd2 Rg8 32. Kf1 Rb8 33. Bb4 Kd7 34. Bc3 Bg5 35. Rd3 Bf6 36. Ke1 Rg8 37. Kf1 Rb8 38. Rf3 Bg5 39. h4 Bxh4 40. Rh3 Bf6 41. Rxh7 Ke7 42. Rh1 Rg8 43. Rh2 Rh8 44. Rxh8 Bxh8 45. Ke1 Kf6 46. Kd2 Kf5 47. f3 Bf6 48. Kd3 Bh4 49. b3 axb3 50. Nc1 b2 51. Bxb2 Bf6 52. Bc3 Kg5 53. a4 Kh4 1-0

[Event "Maria Teresa Mora Memorial Elite"]
[Site "Havana"]
[Date "2018.??.??"]
[Round "6"]
[White "Arguelles Loy, Felix Orlando"]
[Black "Pulido Alvarez, Ariel"]
[Result "1/2-1/2"]
[WhiteElo "2214"]
[BlackElo "2298"]
[PlyCount "100"]
[EventDate "2018.03.08"]
[EventType "tourn"]
[EventRounds "9"]
[EventCountry "CUB"]
[EventCategory "1"]
[SourceTitle "EXT 2021"]
[Source "ChessBase"]
[SourceDate "2020.10.23"]
[SourceVersion "1"]
[SourceVersionDate "2020.10.23"]
[SourceQuality "1"]

1. c4 Nf6 2. g3 c6 3. Bg2 g6 4. Nf3 Bg7 5. 0-0 0-0 6. d3 d5 7. cxd5 cxd5 8. Nc3 Nc6 9. d4 Ne4 10. Be3 Nxc3 11. bxc3 Bf5 12. Nh4 Bg4 13. h3 Be6 14. c4 Qd7 15. cxd5 Bxd5 16. Bxd5 Qxd5 17. Nf3 Rfd8 18. Qa4 Qd7 19. Kg2 Nxd4 20. Qxd7 Rxd7 21. Nxd4 Bxd4 22. Bxd4 Rxd4 23. Rfd1 Rad8 24. Rxd4 Rxd4 25. Rc1 b6 26. Rc8+ Kg7 27. Rc2 Kf6 28. e3 Rd7 29. Kf3 h5 30. h4 Ke5 31. Rb2 Kd5 32. Rc2 Kd6 33. e4 e5 34. Rc8 Rc7 35. Rd8+ Ke7 36. Rd3 Ke6 37. Ke3 f5 38. f3 Rc2 39. Ra3 a5 40. Rb3 Rc6 41. Kd3 Kd7 42. Rb5 Rd6+ 43. Ke3 Ke6 44. Ke2 Kf6 45. Ke3 Re6 46. Ke2 g5 47. hxg5+ Kxg5 48. exf5 Kxf5 49. Ke3 Kf6 50. Ke4 Kg6 1/2-1/2

[Event "Maria Teresa Mora Memorial Elite"]
[Site "Havana"]
[Date "2018.??.??"]
[Round "1"]
[White "Fernandez Mayola, Reynold Rafael"]
[Black "Arguelles Loy, Felix Orlando"]
[Result "1-0"]
[WhiteElo "2266"]
[BlackElo "2214"]
[PlyCount "91"]
[EventDate "2018.03.08"]
[EventType "tourn"]
[EventRounds "9"]
[EventCountry "CUB"]
[EventCategory "1"]
[SourceTitle "EXT 2021"]
[Source "ChessBase"]
[SourceDate "2020.10.23"]
[SourceVersion "1"]
[SourceVersionDate "2020.10.23"]
[SourceQuality "1"]

1. Nf3 Nf6 2. g3 d5 3. c4 c6 4. Bg2 Bf5 5. 0-0 e6 6. cxd5 exd5 7. d3 Nbd7 8. Nc3 Be7 9. Qb3 Qb6 10. Qc2 h6 11. e4 dxe4 12. dxe4 Bh7 13. Bf4 0-0 14. Rad1 Rfe8 15. Nd4 Bf8 16. Nb3 Rac8 17. Be3 Qc7 18. f4 Nb6 19. Rfe1 Qb8 20. Bd4 Nfd7 21. Bh3 Rcd8 22. Qf2 Qc7 23. Nc5 Nxc5 24. Bxc5 Bxc5 25. Qxc5 Qb8 26. e5 Bd3 27. b3 Kh8 28. Qe3 Bc2 29. Rd2 Rxd2 30. Qxd2 Bh7 31. Rd1 Kg8 32. Qd4 Kh8 33. a4 Bc2 34. Rc1 Bxb3 35. a5 Na8 36. Rb1 Be6 37. f5 Bc8 38. Re1 Nc7 39. g4 b6 40. Rb1 b5 41. Ne4 Nd5 42. Nd6 Rf8 43. Bg2 Bd7 44. Bxd5 cxd5 45. Qxd5 Be8 46. Rc1 1-0

[Event "Giraldilla de La Habana tt"]
[Site "Havana"]
[Date "2018.??.??"]
[Round "5.2"]
[White "Morales Garcia, Alexei"]
[Black "Arguelles Loy, Felix Orlando"]
[Result "0-1"]
[WhiteElo "2131"]
[BlackElo "2157"]
[PlyCount "64"]
[EventDate "2018.07.27"]
[EventType "team-tourn"]
[EventRounds "9"]
[EventCountry "CUB"]
[SourceTitle "EXT 2021"]
[Source "ChessBase"]
[SourceDate "2020.10.23"]
[SourceVersion "1"]
[SourceVersionDate "2020.10.23"]
[SourceQuality "1"]

1. e4 d6 2. d4 Nf6 3. Nc3 g6 4. Nf3 Bg7 5. Bc4 0-0 6. h3 c6 7. Bb3 b5 8. a3 a6 9. 0-0 d5 10. exd5 cxd5 11. Re1 Bb7 12. Ne5 Nc6 13. Ne2 Ne4 14. Nxc6 Bxc6 15. Nf4 a5 16. c3 e6 17. Nd3 Qh4 18. Be3 Rfc8 19. Qc1 Qe7 20. Bh6 Bf6 21. Ne5 Bb7 22. Bf4 b4 23. f3 Nd6 24. Ng4 Bxd4+ 25. Kh1 bxc3 26. Nh6+ Kf8 27. bxc3 Bxc3 28. Qe3 Bg7 29. Rac1 Rxc1 30. Rxc1 e5 31. Re1 Re8 32. Qb6 Qd8 0-1

[Event "Giraldilla de La Habana tt"]
[Site "Havana"]
[Date "2018.??.??"]
[Round "7.3"]
[White "Santander Valle, David A"]
[Black "Arguelles Loy, Felix Orlando"]
[Result "0-1"]
[WhiteElo "2099"]
[BlackElo "2157"]
[PlyCount "84"]
[EventDate "2018.07.27"]
[EventType "team-tourn"]
[EventRounds "9"]
[EventCountry "CUB"]
[SourceTitle "EXT 2021"]
[Source "ChessBase"]
[SourceDate "2020.10.23"]
[SourceVersion "1"]
[SourceVersionDate "2020.10.23"]
[SourceQuality "1"]

1. e4 c5 2. Nf3 Nc6 3. d4 cxd4 4. Nxd4 e5 5. Nb5 d6 6. N1c3 a6 7. Na3 Be7 8. Nc4 b5 9. Ne3 Nf6 10. f3 0-0 11. Ncd5 Nxd5 12. Nxd5 Bg5 13. c3 Be6 14. g3 Bxc1 15. Rxc1 Bxd5 16. Qxd5 Qb6 17. Rd1 b4 18. Qb3 Rfd8 19. a3 Qe3+ 20. Be2 bxc3 21. Qxc3 Qb6 22. Bc4 Rac8 23. b3 a5 24. Kf1 a4 25. b4 Nd4 26. Qd3 Nxf3 27. Kg2 Nd4 28. Rhf1 Rc7 29. Rc1 Rf8 30. Qd1 Qa7 31. Bd5 Rxc1 32. Qxc1 g6 33. Rf6 Qd7 34. Qh6 Qg4 35. Qe3 Kg7 36. h3 Qd7 37. Qg5 Qc7 38. Qh4 Nc2 39. Rf3 Ne1+ 40. Kf2 Nxf3 41. Kxf3 Qc3+ 42. Kg4 h5+ 0-1